| 000 | 00555nam a2200217 a 4500 | ||
|---|---|---|---|
| 001 | BRCA_6741 | ||
| 005 | 20190320205556.0 | ||
| 008 | 211011s1944----mx-#######---#000-0#spa-# | ||
| 041 | _aspa | ||
| 044 | _amx | ||
| 050 | 4 |
_aPQ7297 .O84 _b.P6 _c1944 |
|
| 245 | 1 | 0 |
_aPoemas rústicos _cManuel José Othon |
| 260 |
_aMéxico _bPorrúa _c1944 |
||
| 300 |
_a180 p. _c19 cm. |
||
| 440 | 0 |
_aEscritores mexicanos _v5 _916834 |
|
| 500 | _aI111 | ||
| 650 | 1 | 4 |
_aLiteratura mexicana _910506 |
| 700 | 1 |
_aOthon, Manuel José _916835 |
|
| 902 | _aGFM | ||
| 942 |
_2lcc _cB |
||
| 999 |
_c6424 _d6424 |
||